000 00592nam a2200157 a 4500
008 120416s0000 ||||||||||||||||| || u
020 _a0304314528
050 _aLB 2845.7 Pro
100 _aBroadfoot, Patricia
245 1 0 _aProfiles and records of achievement
_cedited by P. Broadfoot
246 _aa review of issues and practice
260 _aLondon
_bCassell Educational Ltd
_c1986
300 _ax, 255p. : ill.
350 _a0.00
995 _D0.00
_FCBU-MAIN LIBRARY (Kitwe)
_H1
_I0.00
_UAVAILABLE
_ZAnnex Low-Usage Collection
999 _c54963
_d54963